| 000 | 01661nam a2200373 4500 | ||
|---|---|---|---|
| 001 | 0000024516 | ||
| 003 | CO-CtgCURN | ||
| 005 | 20250516161544.0 | ||
| 007 | ta | ||
| 008 | 160628s2004 000 0 eng d | ||
| 020 | _a9583504602 | ||
| 040 |
_aCO-CtgCURN _bspa _ccoctgcurn |
||
| 082 | 0 |
_a347.7 _bM178p |
|
| 100 | 1 | _aMadriñan de La Torre, Ramon Eduardo. | |
| 245 | 1 | 0 |
_aPrincipios de derecho comercial / _cRamon E. Madriñan de La Torre. |
| 250 | _a9a ed. corregida y puesta al dia. | ||
| 260 |
_aBogotá : _bTemis, _c2004. |
||
| 300 | _axi? 221 p. | ||
| 336 | _2rdacontent | ||
| 337 |
_2rdamedia _asin mediacion _bn |
||
| 338 |
_2rdacarrier _avolumen _bnc |
||
| 504 | _aBibliografia (p. 211-214) | ||
| 505 | 8 | _aDefinicion de derecho comercial.--Evolucion historica del derecho comercial.--Historia del derecho comercial en Colombia.--Caracteristicas del derecho comercial.--Fuentes formales del derecho comercial Colombiano.--El acto de comercio.--El comerciante.--El registro publico del comercio.--La contabilidad mercantil.--Las camaras de comercio.--El establecimiento de comercio.--La empresa unipersonal | |
| 650 | 1 | 4 |
_aDerecho comercial _zColombia. |
| 908 | _a160627 | ||
| 942 |
_cBK _h347.7 _iM178p _2ddc _n0 |
||
| 999 |
_c20527 _d20527 |
||